000 01125cam a2200253 a 4500
008
020 _a1860581218 (hbk. )
049 _aMAIN
090 0 _aTK1081 HYD
245 0 0 _aHydro power developments :
_bcurrent projects, rehabilitation, and power recovery /
_corganised by the Fluid Machinery Committee of the Power Industries Division of the Institution of Mechanical Engineers.
260 _aBury St. Edmunds :
_bMechanical Engineering Publications Limited for the Institution of Mechanical Engineers,
_c1997.
300 _a125 p. :
_bill., maps ;
_c25 cm.
440 0 _aIMechE seminar publication,
_x1357-9193 ;
_v1997-4
504 _aIncludes bibliographical references.
500 _aIncludes index.
650 0 _aHydroelectric power plants
_vCongresses.
650 0 _aHydroelectric power plants
_xmaintenance and repair
_vCongresses.
710 2 _aInstitution of Mechanical Engineers (Great Britain).
_bFluid Machinery Committee .
907 _a.b10190958
_b28-05-07
_c08-02-06
003
005 20230123134450.0
040 _cNUST
942 _cBOOKS
_kTK1081 HYD
999 _c166409
_d166409